[Event "TCh-Serbia"]
[Site "Zlatibor SCG"]
[Date "2006.09.02"]
[Round "8"]
[White "Kostic,Vl"]
[Black "Maksimenko,A"]
[Result "1/2-1/2"]
[WhiteElo "2433"]
[BlackElo "2499"]

1.d4 Nf6 2.c4 g6 3.Nc3 d5 4.cxd5 Nxd5 5.e4 Nxc3 6.bxc3 Bg7 7.Bg5 c5 8.Rc1 Qa5
9.Qd2 cxd4 10.cxd4 Qxd2+  1/2-1/2

[Event "Okie Masters"]
[Site "Tulsa USA"]
[Date "2006.09.03"]
[Round "3"]
[White "Jackson,T"]
[Black "Movsisyan,M"]
[Result "1/2-1/2"]
[WhiteElo "2136"]
[BlackElo "2287"]

1.d4 Nf6 2.c4 g6 3.Nc3 d5 4.cxd5 Nxd5 5.e4 Nxc3 6.bxc3 Bg7 7.Be3 c5 8.Qd2 Qa5
9.Rc1 O-O 10.Nf3 Bg4 11.Ng5 cxd4 12.cxd4 Qxd2+ 13.Kxd2 Nc6 14.h3 Bc8 15.d5 Rd8
16.Bc4 Na5 17.Rhd1 e6 18.Ke1 Nxc4 19.Rxc4 h6 20.Nf3 exd5 21.exd5 Bf5 22.g4 b5
23.Rc5 Bd7 24.Bd4 Re8+ 25.Kf1 h5 26.Bxg7 Kxg7 27.Rc7 hxg4 28.Rxd7 gxf3 29.Rd3 Kf8
30.d6 Red8 31.Rb7 Rdb8 32.Rd7 Rd8 33.Rb7 Rdb8 34.Rd7  1/2-1/2

[Event "59th ch-RUS 1st League"]
[Site "Tomsk RUS"]
[Date "2006.09.08"]
[Round "6"]
[White "Korotylev,A"]
[Black "Nepomniachtchi,I"]
[Result "1-0"]
[WhiteElo "2613"]
[BlackElo "2520"]

1.d4 Nf6 2.c4 g6 3.Nc3 d5 4.cxd5 Nxd5 5.e4 Nxc3 6.bxc3 Bg7 7.Bc4 c5 8.Ne2 Nc6
9.Be3 O-O 10.O-O Bd7 11.Rb1 Rc8 12.Bd3 Na5 13.d5 e5 14.Qd2 c4 15.Bc2 b6 16.f4 exf4
17.Bxf4 Qe7 18.d6 Qe8 19.Nd4 Nc6 20.Nb5 Be5 21.Bh6 Bg7 22.Bxg7 Kxg7 23.Nc7 Qd8
24.Ba4 Rxc7 25.dxc7 Qxc7 26.Bxc6 Qxc6 27.Qd4+ Kg8 28.Rbd1 Bg4 29.Rd2 Re8
30.Qf2 Qc7 31.Rd4 Be6 32.Rfd1 Bg4 33.R1d2 Qe5 34.h3 Be6 35.Rd8 Rxd8 36.Rxd8+ Kg7
37.Qe3 h5 38.h4 f6 39.Ra8 Qc7 40.Qd2 Qg3 41.Rxa7+ Bf7 42.Rb7 Qxh4 43.Qe3 Qg4
44.e5 Qd1+ 45.Kh2 Kg8 46.Rxb6 Qd8 47.Rxf6 Kg7 48.Rd6 Qh4+ 49.Kg1 Qe7 50.Qf4 Kh7
51.Kh2 Qc7 52.Qf6  1-0

[Event "ch-AUT"]
[Site "Koeflach AUT"]
[Date "2006.09.09"]
[Round "8"]
[White "Freitag,M"]
[Black "Neubauer,M"]
[Result "1/2-1/2"]
[WhiteElo "2413"]
[BlackElo "2480"]

1.d4 Nf6 2.c4 g6 3.Nc3 d5 4.cxd5 Nxd5 5.e4 Nxc3 6.bxc3 Bg7 7.Be3 c5 8.Qd2 Qa5
9.Rb1 b6 10.Rc1 O-O 11.Nf3 e6 12.Bh6 cxd4 13.Bxg7 Kxg7 14.cxd4 Qxd2+ 15.Kxd2 Bb7
16.Ke3 Nc6 17.Ba6 Bxa6 18.Rxc6 Rac8 19.Rhc1 Rxc6 20.Rxc6 Rc8 21.Rxc8 Bxc8
22.g4 h6 23.h4 f6 24.g5 Bb7 25.gxf6+ Kxf6 26.Ne5 g5 27.h5 b5 28.f4 gxf4+
29.Kxf4 b4 30.Nd7+ Ke7 31.Nc5 Bc8 32.Ke5 a5 33.d5 exd5 34.exd5 Bd7 35.d6+ Ke8
36.Kd5 a4 37.Kc4 b3 38.axb3 axb3 39.Kxb3 Bg4  1/2-1/2

[Event "EU-chG18"]
[Site "Herceg Novi MNE"]
[Date "2006.09.10"]
[Round "1"]
[White "Kublashvili,E"]
[Black "Carlsen,E"]
[Result "1-0"]
[WhiteElo "2149"]
[BlackElo "1909"]

1.d4 Nf6 2.c4 g6 3.Nc3 d5 4.cxd5 Nxd5 5.e4 Nxc3 6.bxc3 Bg7 7.Bc4 O-O 8.Ne2 c5
9.O-O Nc6 10.Be3 Qc7 11.Bb3 Rd8 12.Qc1 b6 13.Rd1 Ba6 14.Nf4 e6 15.d5 Ne7
16.dxe6 c4 17.exf7+ Kxf7 18.Rxd8 Rxd8 19.Bd1 Bb7 20.Bg4 Bc8 21.Bf3 Kg8 22.g3 Qd6
23.a4 Be5 24.a5 Qf6 25.Be2 Bxc3 26.Bxc4+ Kh8 27.Rb1 Bxa5 28.Nd5 Nxd5 29.Bxd5 Bh3
30.Rb3 Rc8 31.Qd1 Bc3 32.Rxc3  1-0

[Event "EU-chG18"]
[Site "Herceg Novi MNE"]
[Date "2006.09.10"]
[Round "1"]
[White "Kaniak,M"]
[Black "Kuzevanova,E"]
[Result "1-0"]
[WhiteElo "1936"]
[BlackElo "2197"]

1.d4 Nf6 2.c4 g6 3.Nc3 d5 4.cxd5 Nxd5 5.e4 Nxc3 6.bxc3 Bg7 7.Nf3 O-O 8.Be2 c5
9.O-O Nc6 10.Be3 Qc7 11.Rc1 Rd8 12.d5 Ne5 13.Nxe5 Bxe5 14.f4 Bg7 15.c4 b6
16.Qd2 e6 17.Bd3 exd5 18.cxd5 Bb7 19.f5 Be5 20.Bf4 Bxf4 21.Rxf4 Qe5 22.fxg6 hxg6
23.Qf2 Rd7 24.Rf1 Rf8 25.Rf6 Qd4 26.Qxd4 cxd4 27.Bb5 Re7 28.R1f4 Kg7 29.Bd3 Rc7
30.d6 Rc1+ 31.Kf2 Bc8 32.e5 Rc5 33.Bxg6 Rxe5 34.Bxf7 Rg5 35.h4 Rg4 36.Rf3 Bb7
37.d7 Bxf3 38.Rxf3 Rd8 39.g3 d3 40.Be6 Re4 41.Bf5 Re2+ 42.Kf1 Rd2 43.Ke1 Rxa2
44.Rxd3 Ra5 45.g4 Re5+ 46.Kf2 a5 47.Kf3 a4 48.Kf4 Re1 49.h5 Kf6 50.g5+ Ke7
51.h6 b5 52.h7 b4 53.g6 Rf1+ 54.Kg5 Rg1+ 55.Bg4 b3 56.Re3+ Kd6 57.Re6+ Kc5
58.Re8 b2 59.Rxd8 b1=Q 60.Rc8+  1-0

[Event "EU-chB18"]
[Site "Herceg Novi MNE"]
[Date "2006.09.11"]
[Round "2"]
[White "Moranda,W"]
[Black "Serban,V"]
[Result "1-0"]
[WhiteElo "2446"]
[BlackElo "2127"]

1.d4 Nf6 2.c4 g6 3.Nc3 d5 4.cxd5 Nxd5 5.e4 Nxc3 6.bxc3 Bg7 7.Bc4 c5 8.Ne2 O-O
9.O-O Nc6 10.Be3 Bd7 11.Rb1 a6 12.dxc5 Qc7 13.Nd4 Na5 14.Bd3 Rfd8 15.f4 e5
16.fxe5 Qxe5 17.Kh1 Rf8 18.Qc1 Be6 19.Nf5 Qxc3 20.Nxg7 Qxc1 21.Rfxc1 Kxg7
22.Bd2 Rfd8 23.Bc3+ Kf8 24.Bf1 Nc6 25.Rxb7 Rab8 26.Bxa6 Bxa2 27.Rb6 Rxb6
28.cxb6 Nb8 29.Bf6  1-0

[Event "EU-chG16"]
[Site "Herceg Novi MNE"]
[Date "2006.09.11"]
[Round "2"]
[White "Ntiloudi,D"]
[Black "Ivanova,D"]
[Result "1-0"]
[WhiteElo "1913"]
[BlackElo "2101"]

1.d4 Nf6 2.c4 g6 3.Nc3 d5 4.cxd5 Nxd5 5.e4 Nxc3 6.bxc3 Bg7 7.Be3 c5 8.Qd2 Qa5
9.Nf3 Nc6 10.Rc1 Bg4 11.d5 Rd8 12.Be2 O-O 13.O-O e6 14.Rfd1 exd5 15.exd5 Rfe8
16.Qb2 Nb4 17.cxb4 Bxb2 18.bxa5 Bxc1 19.Rxc1 Rxd5 20.Bc4 Bxf3 21.gxf3 Rf5
22.Bb5 Rd8 23.a4 b6 24.axb6 axb6 25.Kg2 h5 26.Rc4 Kg7 27.Re4 g5 28.Re7 Rd6
29.Bc4 g4 30.fxg4 Rg6 31.g5 Kf8 32.Rb7 Rd6 33.Kh3 Rf3+ 34.Kh4 Ke8 35.Kxh5 f5
36.g6 Rh3+ 37.Kg5 Rxh2 38.g7 Rg2+ 39.Kxf5  1-0

[Event "XVI WSen"]
[Site "Arvier ITA"]
[Date "2006.09.12"]
[Round "2"]
[White "Johnsen,G"]
[Black "Jansa,Vl"]
[Result "1/2-1/2"]
[WhiteElo "2215"]
[BlackElo "2482"]

1.d4 Nf6 2.c4 g6 3.Nc3 d5 4.cxd5 Nxd5 5.e4 Nxc3 6.bxc3 Bg7 7.Bc4 O-O 8.Ne2 c5
9.O-O Nc6 10.Be3 Bd7 11.Rb1 a6 12.dxc5 Qc7 13.f4 Rfd8 14.Nd4 Be8 15.Bd5 e6
16.Bxc6 Bxc6 17.Qc2 Bf8 18.Nxc6 Qxc6 19.Rb6 Qc7 20.Qf2 Rac8 21.c6 bxc6 22.Rxa6 c5
23.f5 e5 24.fxg6 hxg6 25.Rf6 Rd7 26.Qh4 Qd8 27.Bc1  1/2-1/2

[Event "Mitropa Cup Men"]
[Site "Brno CZE"]
[Date "2006.09.13"]
[Round "7"]
[White "Saric,A"]
[Black "Sebenik,M"]
[Result "1/2-1/2"]
[WhiteElo "2475"]
[BlackElo "2400"]

1.d4 Nf6 2.c4 g6 3.Nc3 d5 4.cxd5 Nxd5 5.e4 Nxc3 6.bxc3 Bg7 7.Bc4 c5 8.Ne2 Nc6
9.Be3 O-O 10.O-O Na5 11.Bd3 b6 12.Rc1 cxd4 13.cxd4 e6 14.Qd2 Bb7 15.Bh6 Qe7
16.Bxg7 Kxg7 17.Rc3 Rac8 18.Rfc1 Qd7 19.f3 Rxc3 20.Qxc3 Rc8 21.Qb2 f6 22.Rxc8 Qxc8
23.Kf2 Kf7 24.Qd2 e5 25.Qh6 Kg8 26.Qe3 Qc7 27.g3 Bc8 28.Bb5 a6 29.Bd3 b5
30.Qd2 Be6 31.d5 Bd7 32.Qc1 Qd6 33.Qe3 Nb7 34.Nc1 a5 35.Qa7 Qc5+ 36.Qxc5 Nxc5
37.Ke3 Kf7 38.a3 Ke7 39.Bc2 Kd6 40.Nb3 Nxb3 41.Bxb3 f5 42.f4 fxe4 43.Kxe4 Bf5+
44.Ke3 Bb1 45.Kd2 exf4 46.gxf4 Be4 47.Kc3 Bxd5 48.Bc2 Kc5 49.f5 b4+ 50.Kb2 gxf5
51.Bxf5 h6 52.Bg6 Kd4 53.axb4 axb4 54.h4 Ke5 55.h5 Be6 56.Be8 Kf6 57.Kc2 Kg5
58.Kb2 Bg4 59.Kb3 Bxh5 60.Bd7 Kf4 61.Kxb4 Bg6 62.Kc3 h5 63.Kd2 Kf3 64.Ke1 Bd3
65.Be8 h4 66.Bd7  1/2-1/2

[Event "EU-chG16"]
[Site "Herceg Novi MNE"]
[Date "2006.09.13"]
[Round "4"]
[White "Saulyte,E"]
[Black "Ivanova,D"]
[Result "0-1"]
[WhiteElo "1984"]
[BlackElo "2101"]

1.d4 Nf6 2.c4 g6 3.Nc3 d5 4.cxd5 Nxd5 5.e4 Nxc3 6.bxc3 Bg7 7.Be3 c5 8.Qd2 Qa5
9.Rb1 cxd4 10.cxd4 Qxd2+ 11.Kxd2 O-O 12.Nf3 b6 13.Bd3 Ba6 14.Rhc1 Bxd3 15.Kxd3 Rd8
16.Ke2 Na6 17.Rc6 Rac8 18.Rxc8 Rxc8 19.Rc1 Rd8 20.a3 e6 21.Bg5 f6 22.Be3 Bf8
23.Rc3 g5 24.g4 h6 25.h4 gxh4 26.Nxh4 Kf7 27.Ng2 Rd7 28.Nf4 Rc7 29.Rxc7+ Nxc7
30.a4 b5 31.axb5 Nxb5 32.Kd3 a5 33.Kc4 Nd6+ 34.Kd3 a4 35.Bc1 Nb7 36.Bb2 Na5
37.Kc3 Nc6 38.Nd3 e5 39.dxe5 Nxe5 40.Nxe5+ fxe5 41.Kc4 Ke6 42.Kb5 a3 43.Ba1 Bd6
44.Kc6 Bb4 45.Kb5 Be1 46.Ka4 Bxf2 47.Kxa3 Bd4 48.Bxd4 exd4 49.Kb2 Ke5 50.Kc2 Kxe4
51.Kd2 d3 52.Kd1 Kf4  0-1

[Event "ch-EU"]
[Site "Liverpool ENG"]
[Date "2006.09.13"]
[Round "8"]
[White "Blackburn,J"]
[Black "Grassie,D"]
[Result "1-0"]
[WhiteElo "2207"]
[BlackElo "2042"]

1.d4 Nf6 2.c4 g6 3.Nc3 d5 4.cxd5 Nxd5 5.e4 Nxc3 6.bxc3 Bg7 7.Nf3 c5 8.Be2 Nc6
9.Rb1 cxd4 10.cxd4 Nxd4 11.Nxd4 Qxd4 12.Bb5+ Kf8 13.Qe2 h5 14.h3 Be6 15.O-O a6
16.Bd3 b5 17.Be3 Qa4 18.Bc5 Qxa2 19.Qe3 Bc4 20.e5 Bxd3 21.Qxd3 Qe6 22.f4 Kg8
23.Rbe1 Bf8 24.f5 Qc4 25.Qa3 g5 26.Bxe7 b4 27.Qf3 Bxe7 28.Qxa8+ Kh7 29.Qb7 Bc5+
30.Kh1 Re8 31.Rc1  1-0

[Event "ch-EU"]
[Site "Liverpool ENG"]
[Date "2006.09.14"]
[Round "9"]
[White "Conquest,S"]
[Black "Knott,S"]
[Result "1-0"]
[WhiteElo "2534"]
[BlackElo "2387"]

1.d4 Nf6 2.c4 g6 3.Nc3 d5 4.cxd5 Nxd5 5.e4 Nxc3 6.bxc3 Bg7 7.Qa4+ Nd7 8.Nf3 O-O
9.Be2 c5 10.O-O b6 11.Rd1 cxd4 12.cxd4 Nf6 13.Qc2 Bb7 14.Bd3 a6 15.Rb1 b5
16.a4 Qc8 17.Qe2 bxa4 18.Ba3 Bc6 19.Rdc1 Qe8 20.Ne5 Bb5 21.Bxb5 axb5 22.Nc6 Qd7
23.d5 Rfe8 24.Rxb5 Bf8 25.Rcb1 Rac8 26.Rb7 Rc7 27.Rxc7 Qxc7 28.Qf3 Nd7 29.h3 Nb8
30.Nd4 Bg7 31.Qd3 Qa7 32.Nb5 Qa5 33.d6 exd6 34.Nxd6 Rd8 35.Qc4 Rf8 36.Nxf7  1-0

[Event "3rd Szeged Cup"]
[Site "Szeged HUN"]
[Date "2006.09.14"]
[Round "6"]
[White "Toth,Li"]
[Black "Gara,T"]
[Result "0-1"]
[WhiteElo "2217"]
[BlackElo "2309"]

1.d4 Nf6 2.c4 g6 3.Nc3 d5 4.cxd5 Nxd5 5.e4 Nxc3 6.bxc3 Bg7 7.Qa4+ Nd7 8.Nf3 c5
9.Bg5 O-O 10.Rd1 Qc7 11.Bd3 h6 12.Be3 a6 13.O-O b5 14.Qa3 Bb7 15.Qc1 cxd4
16.cxd4 Qxc1 17.Rxc1 Rac8 18.d5 Rfd8 19.Rfd1 Kf8 20.h4 Rxc1 21.Rxc1 Rc8 22.Rxc8+ Bxc8
23.Bd4 Bxd4 24.Nxd4 Nc5 25.Bc2 e6 26.dxe6 Bxe6 27.Nxe6+ Nxe6 28.Kf1 Ke7 29.Ke1 Kd6
30.Kd2 Kc5 31.Ke3 a5 32.f4 Nd4 33.Bb1 b4 34.g4 a4 35.e5 Nb5 36.f5 gxf5 37.g5 h5
38.e6 fxe6 39.g6 Nc7 40.Kf4 Kd6 41.Kg5 Ke7 42.Bc2 b3 43.axb3 a3 44.Bb1 Nd5
45.g7 Kf7 46.Kh6 Kg8 47.Kg6 Nb4 48.Kxh5 Kxg7  0-1

[Event "XVI WSen"]
[Site "Arvier ITA"]
[Date "2006.09.16"]
[Round "6"]
[White "Sorokin,Valen"]
[Black "Jansa,Vl"]
[Result "1/2-1/2"]
[WhiteElo "2337"]
[BlackElo "2482"]

1.d4 Nf6 2.c4 g6 3.Nc3 d5 4.cxd5 Nxd5 5.e4 Nxc3 6.bxc3 Bg7 7.Bb5+ c6 8.Ba4 O-O
9.Ne2 Nd7 10.O-O e5 11.Be3 Qe7 12.Bc2 Nb6 13.Qc1 Re8 14.Bg5 Qf8 15.Rb1 h6
16.Be3 Nc4 17.f4 exd4 18.Bxd4 Na3 19.f5 Nxc2 20.Qxc2 Bxd4+ 21.Nxd4 g5 22.Qd3 Qd6
23.Qf3 Qf6 24.Kh1 b6 25.Qg4 Bb7 26.Rbe1 c5  1/2-1/2

[Event "EU-chG18"]
[Site "Herceg Novi MNE"]
[Date "2006.09.18"]
[Round "8"]
[White "Kruljac,P"]
[Black "Yelmarova,N"]
[Result "0-1"]
[WhiteElo "2073"]
[BlackElo "1789"]

1.d4 Nf6 2.c4 g6 3.Nc3 d5 4.cxd5 Nxd5 5.e4 Nxc3 6.bxc3 Bg7 7.Be3 c5 8.Nf3 Nc6
9.Qd2 cxd4 10.cxd4 O-O 11.Rc1 Bg4 12.d5 Bxf3 13.gxf3 Ne5 14.Be2 Qd7 15.Bd4 Rfc8
16.O-O Qh3 17.Rxc8+ Rxc8 18.Qd1 h5 19.Be3 g5 20.Bxg5 Nxf3+ 21.Bxf3 Be5 22.Re1 Bxh2+  0-1

[Event "2nd Geller Mem Open-A"]
[Site "Odessa UKR"]
[Date "2006.09.24"]
[Round "7"]
[White "Brodsky,M"]
[Black "Shishkin,Va UKR"]
[Result "1/2-1/2"]
[WhiteElo "2571"]
[BlackElo "2529"]

1.d4 Nf6 2.c4 g6 3.Nc3 d5 4.cxd5 Nxd5 5.e4 Nxc3 6.bxc3 Bg7 7.Qa4+ Qd7 8.Qb3 O-O
9.Be3 b6 10.Nf3 Bb7 11.Bd3 c5 12.Rd1 cxd4 13.cxd4 Nc6 14.O-O Rac8 15.Bb5 a6
16.Ne5 Bxe5 17.dxe5 Qc7 18.Bxc6 Qxc6 19.f3 b5 20.Rc1 Qe6 21.Qxe6  1/2-1/2

[Event "Tatry Open"]
[Site "Tatranske Zruby SVK"]
[Date "2006.09.24"]
[Round "2"]
[White "Ruckschloss,K"]
[Black "Kopecky,J"]
[Result "1-0"]
[WhiteElo "2311"]
[BlackElo "1999"]

1.c4 Nf6 2.d4 g6 3.Nc3 d5 4.cxd5 Nxd5 5.e4 Nxc3 6.bxc3 Bg7 7.Bc4 c5 8.Ne2 cxd4
9.cxd4 O-O 10.O-O Nc6 11.Be3 Na5 12.Bd3 b6 13.Rc1 Bb7 14.Qa4 Rc8 15.Bd2 Rxc1
16.Rxc1 Qa8 17.f3 Nc6 18.Bb5 Rc8 19.d5 Ne5 20.Rxc8+ Qxc8 21.Qxa7 Qc5+ 22.Kf1 Bc8
23.Qb8 Bf8 24.a4 f6 25.Bc3 Nf7 26.Bd4 Qc2 27.Bxb6 Nd6 28.Qc7 Qb1+ 29.Qc1 Qxc1+
30.Nxc1 Nxb5 31.axb5 Bd7 32.Nb3 Bxb5+ 33.Kf2 Bh6 34.Be3 Bxe3+ 35.Kxe3 Kf7
36.Kd4 g5 37.Kc5 Ba4 38.Nd4 h5 39.g3 h4 40.gxh4 gxh4 41.Nf5 h3 42.Kd4 e6
43.dxe6+ Kxe6 44.Ke3 Kf7 45.Kf4 Kg6 46.Kg3 Bd1 47.Kxh3 Kg5 48.Kg3 Bc2 49.h4+ Kh5
50.Ne3 Bb1 51.Nd5 Kg6 52.Kf4 Bc2 53.h5+ Kxh5 54.Nxf6+ Kg6 55.Ke5 Kf7 56.f4 Bb3
57.f5 Ba2 58.Ng4  1-0

[Event "Vojvodina Quality League m"]
[Site "Sremska Mitrovica SRB"]
[Date "2006.09.25"]
[Round "5"]
[White "Vukic,R"]
[Black "Zdravkovic,T"]
[Result "1-0"]
[WhiteElo "2292"]
[BlackElo "2192"]

1.d4 Nf6 2.c4 g6 3.Nc3 d5 4.cxd5 Nxd5 5.e4 Nxc3 6.bxc3 Bg7 7.Be3 c5 8.Qd2 Qa5
9.Rc1 Nc6 10.d5 Ne5 11.c4 Qc7 12.h3 O-O 13.f4 Nd7 14.Nf3 b6 15.Be2 Nf6 16.Bd3 Ne8
17.O-O e6 18.e5 exd5 19.cxd5 Qd8 20.Bc4 Nc7 21.Bb3 Ba6 22.Rfd1 Rc8 23.Ng5 c4
24.Bxc4 Bxc4 25.Rxc4 f6 26.Nf3 fxe5 27.fxe5 Nb5 28.Rxc8 Qxc8 29.a4 Nc7 30.d6 Ne6
31.Qd5 Qd7 32.Ng5 Re8 33.Nxe6 Rxe6 34.Qxe6+ Qxe6 35.d7  1-0

[Event "Vojvodina Quality League m"]
[Site "Sremska Mitrovica SRB"]
[Date "2006.09.25"]
[Round "6"]
[White "Vukic,R"]
[Black "Dekic,J"]
[Result "1/2-1/2"]
[WhiteElo "2292"]
[BlackElo "2327"]

1.d4 Nf6 2.c4 g6 3.Nc3 d5 4.cxd5 Nxd5 5.e4 Nxc3 6.bxc3 Bg7 7.Be3 c5 8.Qd2 Qa5
9.Rc1 O-O 10.Nf3 cxd4 11.cxd4 Qxd2+ 12.Kxd2 Nc6 13.d5 Rd8 14.Kd1 Na5 15.Bg5 Bd7
16.Bd3 Rdc8  1/2-1/2

[Event "15th TCh-CRO"]
[Site "Sibenik CRO"]
[Date "2006.09.29"]
[Round "8"]
[White "Delchev,A"]
[Black "Ruck,R"]
[Result "1/2-1/2"]
[WhiteElo "2637"]
[BlackElo "2523"]

1.d4 Nf6 2.c4 g6 3.Nc3 d5 4.cxd5 Nxd5 5.e4 Nxc3 6.bxc3 Bg7 7.Bc4 c5 8.Ne2 Nc6
9.Be3 O-O 10.O-O Qc7 11.Rc1 Rd8 12.Bf4 Qd7 13.dxc5 Qe8 14.Bd5 Bd7 15.Qd3 e6
16.Bxc6 Bxc6 17.Bd6 b6 18.Qe3 Bb7 19.e5 Qc6 20.f3 bxc5 21.Ng3 Qa4 22.Rf2 Rac8
23.Rb1 Bd5 24.Bxc5 Bxa2 25.Ra1 Rd1+ 26.Rf1 Rxf1+ 27.Nxf1 Qc2 28.Bxa7 Rxc3
29.Rxa2 Qxa2 30.Qxc3 Qxa7+ 31.Ne3 Bh6 32.Kf2 Bf4 33.g3 Qa2+ 34.Kg1 Bxe3+  1/2-1/2

[Event "Monarch Assurance Isle of Man"]
[Site "Port Erin IOM"]
[Date "2006.09.30"]
[Round "8"]
[White "Kobalia,M"]
[Black "Areshchenko,A"]
[Result "0-1"]
[WhiteElo "2647"]
[BlackElo "2641"]

1.d4 Nf6 2.c4 g6 3.Nc3 d5 4.cxd5 Nxd5 5.e4 Nxc3 6.bxc3 Bg7 7.Bc4 c5 8.Ne2 Nc6
9.Be3 O-O 10.O-O Bd7 11.Rb1 Qc7 12.Bf4 Qc8 13.d5 Na5 14.Bd3 e5 15.Bd2 c4
16.Bc2 b5 17.f4 f6 18.Be3 Nb7 19.Qd2 Nd6 20.Kh1 f5 21.Ng3 exf4 22.Bxf4 Nxe4
23.Nxe4 fxe4 24.Bxe4 Bf5 25.Bxf5 Qxf5 26.Kg1 b4 27.Rxb4 g5 28.Rxc4 Be5 29.g3 gxf4
30.gxf4 Kh8 31.Kh1 Rad8 32.Re1 Bf6 33.Rd1 Rg8 34.Qd3 Qg4 35.Qf1 Rde8 36.d6 Re2
37.h3 Qg3  0-1

[Event "3rd Iowa Futurity"]
[Site "Ankeny USA"]
[Date "2006.10.01"]
[Round "6"]
[White "Claassen,C"]
[Black "Mc Entee,T"]
[Result "1/2-1/2"]
[WhiteElo "2060"]
[BlackElo "2177"]

1.d4 Nf6 2.c4 g6 3.Nc3 d5 4.cxd5 Nxd5 5.e4 Nxc3 6.bxc3 Bg7 7.Bc4 O-O 8.Ne2 Nc6
9.O-O Na5 10.Bd3 Be6 11.f4 Bc4 12.Bxc4 Nxc4 13.Qd3 b5 14.a4 a6 15.Rb1 c6
16.f5 Nb6 17.Qf3 Nxa4 18.e5 Qd5 19.Qf2 Rfe8 20.Bg5 Qa2 21.Ra1 Qc2 22.fxg6 Qxg6
23.Bd2 c5 24.Nf4 Qf5 25.Qh4 cxd4 26.cxd4 Qe4 27.Rae1 Qxd4+ 28.Be3 Qe4 29.Bc1 Qd4+
30.Be3 Qc4 31.Qg3 Kh8 32.e6 Rg8 33.exf7 Qxf7 34.Qh3 Bf6 35.Nh5 Rg6 36.Nf4 Rg5
37.Ne6 Rh5 38.Qf3 Rg8 39.Kh1 Re5 40.Nf4 Qc4 41.Nh5 Re6 42.Nxf6 exf6 43.Bh6 Qc6
44.Rxe6 Qxe6 45.Qxf6+ Qxf6 46.Rxf6 Ra8 47.Rf7 b4 48.Rb7 a5 49.Be3 Rd8 50.g4 Nc3
51.h4 Kg8 52.h5 Rd3 53.Bf4 Nd5 54.Bd6 b3 55.Ba3 Nb4 56.Bxb4 b2 57.Be1 Rd1  1/2-1/2

[Event "Monarch Assurance Isle of Man"]
[Site "Port Erin IOM"]
[Date "2006.10.01"]
[Round "9"]
[White "Palliser,R"]
[Black "Greenfeld,A"]
[Result "1/2-1/2"]
[WhiteElo "2413"]
[BlackElo "2551"]

1.d4 Nf6 2.c4 g6 3.Nc3 d5 4.cxd5 Nxd5 5.e4 Nxc3 6.bxc3 Bg7 7.Bc4 c5 8.Ne2 Nc6
9.Be3 O-O 10.O-O Bd7 11.Rb1 Qc7 12.Bf4 e5 13.Bg3 Rad8 14.Bd5 cxd4 15.cxd4 Qa5
16.dxe5 Nxe5 17.Qb3 b5 18.Rfc1 Nc4 19.Qb4 Qxb4 20.Rxb4 a5 21.Rb3 Rc8 22.Bb7 Rc5
23.Rd3 Be6 24.Nf4 Bh6 25.Nxe6 fxe6 26.Rc2 Bg7 27.Rd7 Be5 28.Bxe5 Rxe5 29.f3 g5
30.Ba6 g4 31.fxg4 Ne3 32.Rf2 Rxf2 33.Kxf2 Nxg4+ 34.Kf3 h5 35.Rc7 Nf6 36.Bb7 Rg5
37.Bc8 Re5 38.Bb7 Rg5 39.g3 b4 40.Kf4 Rg7 41.Rc8+ Kh7 42.Ba6 Ng4 43.h3 e5+
44.Kf5 Nh6+ 45.Kxe5 Rxg3 46.Kf4 Rxh3 47.e5 Rc3 48.Ra8 h4 49.e6 Rc7 50.Bd3+ Kg7
51.Rxa5 Kf6 52.Rh5  1/2-1/2

[Event "WJun"]
[Site "Yerevan ARM"]
[Date "2006.10.04"]
[Round "2"]
[White "Tonoian,A"]
[Black "Zhao Jun"]
[Result "1/2-1/2"]
[WhiteElo "2400"]
[BlackElo "2539"]

1.d4 Nf6 2.c4 g6 3.Nc3 d5 4.cxd5 Nxd5 5.e4 Nxc3 6.bxc3 Bg7 7.Bb5+ c6 8.Ba4 O-O
9.Ne2 b6 10.O-O Ba6 11.Be3 Qc7 12.Re1 Nd7 13.f4 e6 14.Rc1 Rad8 15.c4 e5 16.d5 exf4
17.Bxf4 Be5 18.Qd2 Bxf4 19.Qxf4 Qxf4 20.Nxf4 Nc5 21.Bxc6 g5 22.Nh5 Nd3 23.Red1 Nxc1
24.Rxc1 f6 25.Ng3 Bc8 26.Nf5 Bxf5 27.exf5 Kf7 28.Re1 Rd6 29.Re3 Rc8 30.Rh3 Kg7
31.Re3 Kf7 32.Rh3 Kg7 33.Re3 Kf8 34.Kf2 Rcxc6 35.dxc6 Rxc6 36.Re4 h5 37.Kf3 Rc5
38.g4 hxg4+ 39.Kxg4 Ra5 40.Re6 Kf7 41.Rc6 Ke7 42.Re6+ Kf7 43.Rc6  1/2-1/2

[Event "Goodbye Summer Open"]
[Site "Omis CRO"]
[Date "2006.10.06"]
[Round "5"]
[White "Cahtarevic,F"]
[Black "Zaper,M"]
[Result "0-1"]
[WhiteElo "1810"]
[BlackElo "1955"]

1.d4 Nf6 2.c4 g6 3.Nc3 d5 4.cxd5 Nxd5 5.e4 Nxc3 6.bxc3 Bg7 7.Be2 c5 8.Nf3 Nc6
9.Be3 O-O 10.O-O cxd4 11.cxd4 Bg4 12.e5 Qd5 13.h3 Bf5 14.Bd3 Bxd3 15.Qxd3 Nxe5
16.Nxe5 Bxe5 17.Rac1 Rfd8 18.Rfd1 Bf6 19.Qb1 Rac8 20.a4 b6 21.Qd3 Rxc1 22.Rxc1 Bxd4
23.Rd1 e5 24.Qa6 Qa8 25.Qd3 Rd6 26.Qb3 Qd5 27.Qd3 Qc5 28.Kh1 Qc6 29.Bh6 Bc5
30.Qe2 Qxa4 31.Rc1 Qd4 32.Qf3 e4 33.Re1 Re6 34.Rd1 exf3 35.Rxd4 fxg2+ 36.Kxg2 Bxd4  0-1

[Event "WJun"]
[Site "Yerevan ARM"]
[Date "2006.10.06"]
[Round "4"]
[White "Grachev,B"]
[Black "Howell,D"]
[Result "1/2-1/2"]
[WhiteElo "2583"]
[BlackElo "2471"]

1.d4 Nf6 2.c4 g6 3.Nc3 d5 4.cxd5 Nxd5 5.e4 Nxc3 6.bxc3 Bg7 7.Nf3 c5 8.h3 O-O
9.Be2 b6 10.Be3 Bb7 11.Qd3 e6 12.O-O cxd4 13.cxd4 f5 14.Ng5 fxe4 15.Qb3 Bd5
16.Bc4 Bxc4 17.Qxc4 Qd5 18.Rac1 Re8 19.Qa4 b5 20.Qa5 Nd7 21.Rc7 Bf6 22.Qa6 Bd8
23.Rb7 Rb8 24.Rxb8 Nxb8 25.Qc8 Qd7 26.Qxd7 Nxd7 27.Nxe4 Be7 28.Rc1 Nf6 29.f3 Nd5
30.Kf2 Rb8 31.Bg5 Kf7 32.Bxe7 Kxe7 33.Nc5 a5 34.Ke2 Nf4+ 35.Ke3 Nxg2+ 36.Ke4 Rc8
37.Rb1 b4 38.a3 bxa3 39.Rb7+ Kd6 40.Rb6+ Rc6 41.Rb3 e5 42.Rxa3 exd4 43.Nb7+ Kc7
44.Nxa5 Rc3 45.Rb3 Rc5 46.Rb7+ Kc8 47.Ra7 Kb8 48.Rb7+ Ka8 49.Rb2 Rxa5 50.Rxg2 Rh5
51.Rg3 Rh4+ 52.f4 Kb7 53.Rf3 g5 54.Kxd4 gxf4 55.Ke5 Kc6 56.Kf5 h6 57.Rxf4 Rxh3
58.Kg6 Kd5 59.Rf5+ Ke6 60.Rh5 Rxh5 61.Kxh5 Kf6 62.Kxh6  1/2-1/2

[Event "ECU Club Cup"]
[Site "Feugen AUT"]
[Date "2006.10.08"]
[Round "1"]
[White "Luciani,V"]
[Black "Votava,J"]
[Result "0-1"]
[WhiteElo "2232"]
[BlackElo "2555"]

1.d4 Nf6 2.c4 g6 3.Nc3 d5 4.cxd5 Nxd5 5.e4 Nxc3 6.bxc3 Bg7 7.Bc4 c5 8.Be3 Nc6
9.Ne2 O-O 10.Rc1 Bd7 11.h4 b5 12.Bb3 cxd4 13.cxd4 Na5 14.h5 Nxb3 15.Qxb3 Rc8
16.hxg6 hxg6 17.O-O e6 18.Qa3 a5 19.Qd6 b4 20.Rc5 Rxc5 21.Qxc5 Qa8 22.Qc2 Bb5
23.Re1 Rc8 24.Qb1 Qa6 25.Nc1 Bf8 26.Rd1 a4 27.Nd3 Bxd3 28.Rxd3 Qc4 29.Kf1 Rb8
30.Ke1 b3 31.axb3 Rxb3 32.Rxb3 axb3 33.Qb2 Qd3  0-1

[Event "22nd ECU Club Cup"]
[Site "Feugen AUT"]
[Date "2006.10.09"]
[Round "2"]
[White "Radjabov,T"]
[Black "Brkic,A"]
[Result "1/2-1/2"]
[WhiteElo "2729"]
[BlackElo "2541"]

1.d4 Nf6 2.c4 g6 3.Nc3 d5 4.cxd5 Nxd5 5.e4 Nxc3 6.bxc3 Bg7 7.Bc4 c5 8.Ne2 O-O
9.O-O Nc6 10.Be3 Bg4 11.f3 Bd7 12.Rb1 Rc8 13.dxc5 Qc7 14.Nd4 Na5 15.Bd3 Rfd8
16.Qe2 e5 17.Nb3 Bf8 18.Kh1 Nxb3 19.axb3 Bxc5 20.Bg5 Re8 21.Bc4 Be7 22.Bd2 Bd6
23.Bd5 Be6 24.c4 Bxd5 25.exd5 e4 26.fxe4 f5 27.g3 Rxe4 28.Qd3 b5 29.cxb5 Qc2
30.Rf3 Qxd3 31.Rxd3 Re2 32.Be3 Rcc2 33.Bg1 Kf7 34.Rbd1 Bc5 35.d6  1/2-1/2

[Event "22nd ECU Club Cup"]
[Site "Feugen AUT"]
[Date "2006.10.09"]
[Round "2"]
[White "Gelfand,B"]
[Black "Ruck,R"]
[Result "1/2-1/2"]
[WhiteElo "2733"]
[BlackElo "2526"]

1.d4 Nf6 2.c4 g6 3.Nc3 d5 4.cxd5 Nxd5 5.e4 Nxc3 6.bxc3 Bg7 7.Nf3 c5 8.Rb1 O-O
9.Be2 b6 10.O-O Bb7 11.Qd3 e6 12.Bg5 Qc7 13.Qe3 Nd7 14.Bd3 Rac8 15.Rfd1 Nf6
16.h3 Qb8 17.Ne5 Qc7 18.Bf4 Qe7 19.f3 cxd4 20.cxd4 Nd7 21.Nc4 e5 22.Bg5 Bf6
23.Bxf6 Qxf6 24.d5 Rc5 25.Nd2 Rfc8 26.Nb3 Rc3 27.Rbc1 Qd6 28.Qd2  1/2-1/2

[Event "22nd ECU Club Cup"]
[Site "Feugen AUT"]
[Date "2006.10.09"]
[Round "2"]
[White "Kozul,Z"]
[Black "Kalod,R"]
[Result "1-0"]
[WhiteElo "2589"]
[BlackElo "2484"]

1.d4 Nf6 2.c4 g6 3.Nc3 d5 4.cxd5 Nxd5 5.e4 Nxc3 6.bxc3 Bg7 7.Nf3 c5 8.Rb1 O-O
9.Be2 b6 10.O-O Bb7 11.Qd3 e6 12.Rd1 Nd7 13.d5 exd5 14.exd5 Nf6 15.c4 Re8
16.Qc2 Ne4 17.Rb3 Nd6 18.Re3 Qd7 19.Bd3 Rxe3 20.Bxe3 Re8 21.h3 Bc8 22.Bd2 Re7
23.Bc3 Qd8 24.Bxg7 Kxg7 25.Qc3+ f6 26.a4 a5 27.Rb1 Bd7 28.Qb3 Nc8 29.Bf1 Qe8
30.Ra1 Re4 31.Ra3 Re7 32.Bd3 Qf8 33.Qb1 Qe8 34.Qa1 Qf8 35.g4 Re8 36.Kg2 Qd6
37.Qc1 Re7 38.Bc2 Re8 39.Rc3 Re7 40.Qd2 Re8 41.Ra3 Re7 42.Nh4 Qe5 43.Re3 Qd6
44.Rg3 Qe5 45.Nf3 Qb2 46.h4 Nd6 47.h5 Nxc4 48.Qd3 Na3 49.Bd1 Qb1 50.Qd2 Nc4
51.h6+ Kf7 52.Qf4 Qe4 53.Qb8 Qxd5 54.Qh8 Ke6 55.Bb3 Ne3+ 56.Kh3 Qxb3 57.Qg8+ Rf7
58.Nd2 Qd5 59.Rxe3+ Kd6 60.Qb8+ Kc6 61.Qa8+ Kd6 62.Ne4+ Ke5 63.Nxf6+  1-0

[Event "22nd ECU Club Cup"]
[Site "Feugen AUT"]
[Date "2006.10.09"]
[Round "2"]
[White "Birens,EA"]
[Black "Frank,P"]
[Result "1-0"]
[WhiteElo "2007"]
[BlackElo "2189"]

1.d4 Nf6 2.c4 g6 3.Nc3 d5 4.cxd5 Nxd5 5.e4 Nxc3 6.bxc3 Bg7 7.Nf3 O-O 8.Be2 c5
9.Rb1 cxd4 10.cxd4 Qa5+ 11.Bd2 Qxa2 12.O-O a5 13.Qc1 Qe6 14.Qc2 Qc6 15.Bc4 Bg4
16.d5 Qc7 17.d6 Qxd6 18.Ng5 Nc6 19.h3 Nd4 20.Qa2 Be6 21.Nxe6 Nxe6 22.Rxb7 Nc5
23.Rb5 Nxe4 24.Rd5 Qc6 25.Rc1 Qf6 26.Be1 Qf4 27.Rc2 a4 28.Rd7 Bf6 29.Bd5 Rac8
30.Qxa4 Rxc2 31.Qxc2 Nd6 32.Bd2 Qe5 33.Bf3 Rb8 34.Bh6 Nf5 35.Bd2 Qa1+ 36.Kh2 Be5+
37.g3 Qf1 38.Bf4 Bxf4 39.gxf4 h5 40.Be4 e6 41.Rd1 Qb5 42.Qc7 Qb2 43.Bc2 Rf8
44.Qc5 Ne7 45.Be4 Qe2 46.Qd4 Rb8 47.Rd2 Qb5 48.Rc2 Nd5 49.Rc5 Qb2 50.Rc8+  1-0